Loading...
| Science - Physics | 0 | 11 | 1 | 0 | 105 | 63 | 93.55 | 1 | 8 | 0.00 | 0.00 |
| Literature - World | 0 | 10 | 0 | 1 | 100 | 51 | 94.90 | 6 | 10 | 0.00 | 0.00 |
| Literature - European | 0 | 9 | 0 | 0 | 90 | 62 | 98.22 | 3 | 7 | 0.00 | 0.00 |
| Mythology | 0 | 9 | 1 | 1 | 85 | 42 | 80.22 | 4 | 7 | 0.00 | 0.00 |
| Fine Arts - Painting & Sculpture | 0 | 6 | 0 | 0 | 60 | 49 | 91.50 | 1 | 6 | 0.00 | 0.00 |
| Literature - British | 0 | 6 | 1 | 1 | 55 | 84 | 108.17 | 1 | 3 | 0.00 | 0.00 |
| Science - Chemistry | 0 | 6 | 1 | 1 | 55 | 83 | 105.33 | 1 | 5 | 0.00 | 0.00 |
| Science - Other | 0 | 3 | 0 | 0 | 30 | 98 | 107.67 | 0 | 3 | 0.00 | 0.00 |
| Fine Arts - Other | 0 | 3 | 1 | 1 | 25 | 60 | 78.33 | 2 | 2 | 0.00 | 0.00 |
| History - European | 0 | 3 | 1 | 0 | 25 | 98 | 105.00 | 0 | 0 | 0.00 | 0.00 |
| History - Other | 0 | 3 | 1 | 1 | 25 | 62 | 104.00 | 1 | 3 | 0.00 | 0.00 |
| Religion | 0 | 2 | 0 | 0 | 20 | 69 | 97.50 | 0 | 1 | 0.00 | 0.00 |
| Philosophy | 0 | 2 | 1 | 1 | 15 | 101 | 119.50 | 0 | 0 | 0.00 | 0.00 |
| Literature - American | 0 | 3 | 3 | 0 | 15 | 104 | 108.33 | 1 | 2 | 0.00 | 0.00 |
| Other | 0 | 1 | 0 | 0 | 10 | 45 | 45.00 | 1 | 1 | 0.00 | 0.00 |
| History - World | 0 | 1 | 0 | 0 | 10 | 72 | 72.00 | 1 | 1 | 0.00 | 0.00 |
| Science - Biology | 0 | 0 | 1 | 0 | -5 | 0.00 | 0 | 0 | 0.00 | 0.00 |